Vista normal
Vista MARC
- Celce-Murcia, Marianne
Entrada Personal Name
Número de registros utilizados en: 1
001 - CONTROL NUMBER
- control field: 36050
003 - CONTROL NUMBER IDENTIFIER
- control field: OSt
005 - DATE AND TIME OF LATEST TRANSACTION
- control field: 20170111100208.0
008 - FIXED-LENGTH DATA ELEMENTS
- fixed length control field: 170111|| aca||aabn | a|a d
040 ## - CATALOGING SOURCE
- Original cataloging agency: OSt
- Transcribing agency: OSt
100 ## - HEADING--PERSONAL NAME
- Personal name: Celce-Murcia, Marianne
670 ## - SOURCE DATA FOUND
- Source citation: Work cat.: (OSt): Celce-Murcia, Marianne, Techniques and resources in teaching gramamar, 1998